<?xml version="1.0" encoding="UTF-8"?>
<record
    xmlns:xsi="http://www.w3.org/2001/XMLSchema-instance"
    xsi:schemaLocation="http://www.loc.gov/MARC21/slim http://www.loc.gov/standards/marcxml/schema/MARC21slim.xsd"
    xmlns="http://www.loc.gov/MARC21/slim">

  <leader>00745nam a2200217Ia 4500</leader>
  <controlfield tag="001">4402</controlfield>
  <controlfield tag="003">GE_BSU</controlfield>
  <controlfield tag="008">181216s||||||||xx |||||||||||||| ||und||</controlfield>
  <datafield tag="040" ind1=" " ind2=" ">
    <subfield code="c">GE_BSU</subfield>
  </datafield>
  <datafield tag="080" ind1=" " ind2=" ">
    <subfield code="a">665.63+66(075.32)</subfield>
  </datafield>
  <datafield tag="100" ind1=" " ind2=" ">
    <subfield code="a">&#x424;&#x430;&#x440;&#x430;&#x43C;&#x430;&#x437;&#x43E;&#x432; &#x421;.&#x410;.</subfield>
  </datafield>
  <datafield tag="245" ind1=" " ind2=" ">
    <subfield code="a">&#x41E;&#x431;&#x43E;&#x440;&#x443;&#x434;&#x43E;&#x432;&#x430;&#x43D;&#x438;&#x435; &#x43D;&#x435;&#x444;&#x442;&#x435;&#x43F;&#x435;&#x440;&#x435;&#x440;&#x430;&#x431;&#x430;&#x442;&#x44B;&#x432;&#x430;&#x44E;&#x449;&#x438;&#x445; &#x437;&#x430;&#x432;&#x43E;&#x434;&#x43E;&#x432; &#x438; &#x435;&#x433;&#x43E; &#x44D;&#x43A;&#x441;&#x43F;&#x43B;&#x443;&#x430;&#x442;&#x430;&#x446;&#x438;&#x44F;.</subfield>
  </datafield>
  <datafield tag="245" ind1=" " ind2=" ">
    <subfield code="b">2-&#x435; &#x438;&#x437;&#x434;. &#x43F;&#x435;&#x440;&#x435;&#x440;&#x430;&#x431;. &#x438; &#x434;&#x43E;&#x43F;</subfield>
  </datafield>
  <datafield tag="245" ind1=" " ind2=" ">
    <subfield code="c">&#x440;&#x435;&#x434;. &#x420;. &#x415;. &#x41C;&#x438;&#x43D;&#x435;&#x432;&#x438;&#x447;.</subfield>
  </datafield>
  <datafield tag="260" ind1=" " ind2=" ">
    <subfield code="a">&#x41C;&#x43E;&#x441;&#x43A;&#x432;&#x430;</subfield>
  </datafield>
  <datafield tag="260" ind1=" " ind2=" ">
    <subfield code="b">&#x425;&#x438;&#x43C;&#x438;&#x44F;</subfield>
  </datafield>
  <datafield tag="260" ind1=" " ind2=" ">
    <subfield code="c">1984</subfield>
  </datafield>
  <datafield tag="300" ind1=" " ind2=" ">
    <subfield code="a">328 &#x441;. 22 &#x441;&#x43C;.</subfield>
  </datafield>
  <datafield tag="653" ind1=" " ind2=" ">
    <subfield code="a">&#x41E;&#x431;&#x43E;&#x440;&#x443;&#x434;&#x43E;&#x432;&#x430;&#x43D;&#x438;&#x435; &#x43D;&#x435;&#x444;&#x442;&#x435;&#x43F;&#x435;&#x440;&#x435;&#x440;&#x430;&#x431;&#x430;&#x442;&#x44B;&#x432;&#x430;&#x44E;&#x449;&#x438;&#x445; &#x437;&#x430;&#x432;&#x43E;&#x434;&#x43E;&#x432; &#x438; &#x435;&#x433;&#x43E; &#x44D;&#x43A;&#x441;&#x43F;&#x43B;&#x443;&#x430;&#x442;&#x430;&#x446;&#x438;&#x44F;.</subfield>
  </datafield>
  <datafield tag="942" ind1=" " ind2=" ">
    <subfield code="c">BK</subfield>
  </datafield>
  <datafield tag="999" ind1=" " ind2=" ">
    <subfield code="c">38392</subfield>
    <subfield code="d">38392</subfield>
  </datafield>
</record>
